| 000 | 00839nac a22002411u 4500 | ||
|---|---|---|---|
| 020 | _a0749429232 | ||
| 082 |
_a658.47 _bHEA |
||
| 090 |
_c7304 _d7304 |
||
| 100 | _aHearnden, Keith | ||
| 245 |
_aThe handbook of business security : _ba practical guide to managing the security risk / _c Keith Hearnden and Alec Moore |
||
| 250 | _a 2nd ed | ||
| 260 |
_aLondon : _b Kogan Page, 1999. _c1999 |
||
| 500 | _adistributer: Al-Ahram | ||
| 500 | _aPrevious ed.: 1996 | ||
| 500 | _aPublished in association with the Institute of Directors. | ||
| 511 | _acatalogued by: wessam | ||
| 650 |
_aCommercial crimes _x Prevention. |
||
| 650 |
_aCorporations _x Corrupt practices. |
||
| 650 | _aSecurity systems | ||
| 700 | _aMoore, Alec. | ||
| 710 | _aInstitute of Directors | ||
| 942 |
_cBB _k658.47 HEA |
||
| 999 |
_c7304 _d7304 |
||